00701nam a2200193Ia 450000500170000000800390001702000180005602000180007404000430009204100080013510000280014324500980017126000610026930000370033049000460036750400530041365000180046665000230048420211110133653.0130821s2012 enka grN 001 eng a9781107024793 a9781107607453 aCo-BoUCMbspacRoberto Burgosd[Nuevo]00aeng1 aSvolik, Milan W.d1977-14aThe politics of authoritarian rulecMilan W. Svolik, University of Illinois, Urbana-Champaign aCambridge (Inglaterra)bCambridge University Pressc2012 axviii, 228 páginasbgráficas0 aCambridge studies in comparative politics aIncluye referencias bibliográficas e índices04aAutoritarismo04aCiencia política